famous people from the Nordic countries #6 - Statistics

General Stats
  • This quiz has been taken 7 times
  • The average score is 3 of 16
Answer Stats
Picture Answer % Correct
Carl XVI Gustaf
43%
Stieg Larsson
43%
Valtteri Bottas
43%
Alexander Skarsgård
29%
Bill Skarsgård
29%
Jens Stoltenberg
29%
Liv Ullmann
29%
Matti Nykänen
29%
Tycho Brahe
29%
Margrethe II
14%
Nikolaj Coster-Waldau
14%
Birgit Nilsson
0%
Carl Michael Bellman
0%
Emanuel Swedenborg
0%
Ole Einar Bjørndalen
0%
Sonja Henie
0%
No matching quizzes found
Score Distribution
Percent of People with Each Score
Percentile by Number Answered
Your Score History
You have not taken this quiz